00973 a2200193 4500003000500000005001700005020001500022040000900037082001400046100001900060245009200079250002200171260005200193300002100245505042200266650003400688650002500722700003200747Nust20220803163022.0 a8178084325 cNust1 a005.1,JAC aJacobson, Ivar00aObject-oriented software engineering :ba use case driven approach /cIvar Jacobson ... alow price edition aIndiabPearson EducationbAddison-Wesley,c1992 axxii, 527pbill. aSystem Development As An Industrial Process (Page-1), The System Life Cycle (Page-21), What Is Object Orientation (Page-42), Object Oriented Sys Development (Page-69), Object Oriented Programming (Page-84), Architecture (Page-109), Analysis (Page-153), Construction (Page-201),Real Time Specialization (Page-258), Database Specialization (Page-274), Components (Page-389), Testing (Page-313), Applications (Page-341). 4aObject oriented programmering 4aSoftware engineering1 aJacobson, Ivar,d1939-4oth